000 00937nam a2200241Ia 4500
003 OSt
005 20250414150157.0
008 191128s2014 ck er 000 f spa d
020 _a9580427402
037 _3Donación
040 _aCO-JMCR
_cCO-JMCR
_dCO-JMCR
_erda
041 _aspa
082 0 4 _aA-N
_bGARd1
100 1 _aGarcía Márquez, Gabriel
_eautor
_93169
245 1 0 _aDel amor y otros demonios /
_cGabriel García Márquez
260 _aBogotá :
_bEditorial norma,
_c1994
300 _a198 Páginas ;
_c21 cm.
520 _a"La inspiración para escribir este libro le llegó a García Márquez con una insólita noticia que tuvo que cubrir como periodista. «Un perro cenizo con un lucero en la frente irrumpió en los vericuetos del mercado el primer domingo de diciembre, revolcó mes
521 _aAdultos
650 0 4 _aNovela colombiana
_97005
650 0 4 _a Demonología
_vliteratura
_943127
942 _2ddc
_cBK
999 _c30489
_d16873